Pays qui battent la Chine - Statistiques

Statistiques générales
  • Ce quiz a été pris 2 866 fois
  • Le résultat moyen est 10 sur 16
Statistiques - réponses
Rang Catégorie Pays % Correct
3 Plus grande surface Russie, Canada
100%
2 Plus grande économie (nominale) Etats-Unis
99%
2 Population projetée en 2050 Inde
96%
2 Le plus haut bâtiment Émirats arabes unis
82%
2 La plupart des chars Russie
79%
5 Plus désertique Australie, Algérie, Arabie Saoudite, Canada
76%
2 La plupart des prisonniers Etats-Unis
57%
3 Espèces sauvages les plus différentes Brésil, Colombie
56%
4 Meilleure performance des élèves en mathématiques (PISA, 2015) Remarque: la Chine ne teste que certains élèves Singapour, Taïwan, Japon
52%
2 Les joueurs classés dans le top 100 aux échecs Russie
50%
3 Source d'immigrants en Australie Nouvelle-Zélande, Royaume-Uni
48%
9 (t) Nom JetPunk le plus court Iran, Irak, Mali, ...
45%
3 Solde du compte courant (exportations moins importations) Allemagne, Japon
41%
2 La plupart des sites du patrimoine mondial de l'UNESCO Italie
40%
3 Production de minerai de fer Australie, Brésil
21%
5 Élévation la plus basse sur terre Jordanie, Israël, Djibouti, Syrie
16%
Aucun quiz correspondant
Distribution des résultats
% des personnes avec chaque résultat
Percentile par nombre de réponses
Votre historique - résultats
Vous n’avez pas pris ce quiz